佐倉市?さくら市? - Statistics

General Stats
  • This quiz has been taken 37 times
  • The average score is 7 of 10
Answer Stats
Hint Explanation Answer % Correct
2005年に発足 氏家町と喜連川町による合併によって発足 さくら市
94%
私鉄が2社以上通っている 京成本線(志津駅~大佐倉駅)と山万ユーカリが丘線(全線)が通っている 佐倉市
91%
高校の数が3校以下 さくら市:1校
佐倉市:4校
さくら市
81%
「さくら」駅がある さくら市の駅は氏家駅と蒲須坂駅の2駅 佐倉市
72%
1桁国道がある 国道4号がある さくら市
69%
高速道路のICがある 佐倉ICがある。さくら市は、高速道路は通っているがICはない 佐倉市
69%
市の花も木もサクラである は市の木はサクラだが、市の花はハナショウブである。 さくら市
66%
市役所の東経は140度 さくら市は139度 佐倉市
66%
道の駅がある 「道の駅きつれがわ」がある さくら市
63%
面積は120㎢以上 さくら市:125.63㎢
佐倉市:103.69㎢
さくら市
59%
No matching quizzes found
Score Distribution
Percent of People with Each Score
Percentile by Number Answered
Your Score History
You have not taken this quiz